书目信息 |
| 题名: |
文化产业园区发展研究
|
|
| 作者: | 史征 著 | |
| 分册: | ||
| 出版信息: | 杭州 浙江工商大学出版社 2013.12 |
|
| 页数: | 199页 | |
| 开本: | 24cm | |
| 丛书名: | ||
| 单 册: | ||
| 中图分类: | G124 | |
| 科图分类: | ||
| 主题词: | 文化产业--发展--研究--中国 , 文化产业 | |
| 电子资源: | ||
| ISBN: | 978-7-5178-0095-8 | |
| 000 | 01271nam0 2200265 450 | |
| 001 | 523 | |
| 005 | 20140909170818.92 | |
| 010 | @a978-7-5178-0095-8@dCNY35.00 | |
| 100 | @a20140301d2013 em y0chiy0110 ea | |
| 101 | 0 | @achi |
| 102 | @aCN@b330000 | |
| 105 | @aak z 000yy | |
| 106 | @ar | |
| 200 | 1 | @a文化产业园区发展研究@AWen Hua Chan Ye Yuan Qu Fa Zhan Yan Jiu@e机理·评价·对策@EJi Li· Ping Jia· Dui Ce@f史征著@FShi Zheng Zhu |
| 210 | @a杭州@c浙江工商大学出版社@d2013.12 | |
| 215 | @a199页@c图@d24cm | |
| 300 | @a2012年浙江省软科学项目“浙江文化产业园区发展评价指标体系研究”(2012C35069)项目资助 2013年浙江省哲学社会科学重点研究基地——浙江省传播与文化产业研究中心重点研究项目“文化产业园区发展研究”(zj13cws03)项目资助 | |
| 330 | @a本书分为三篇,包括文化产业园区发展机理、文化产业园区发展评价和文化产业园区发展对策。内容分九章,分别是:文化产业园区价值诱导:园区剩余挖掘;文化产业园区稳定机制:园区网络构建;文化产业园区动力源泉:城市与产业发展诉求;文化产业园区评价理论综述;文化产业园区评价体系构建等。 | |
| 517 | 1 | @a机理·评价·对策@AJi Li· Ping Jia· Dui Ce |
| 606 | 0 | @a文化产业@x发展@x研究@y中国 |
| 606 | 0 | @a文化产业 |
| 690 | @aG124@v5 | |
| 701 | 0 | @a史征@AShi Zheng@4著 |
| 801 | 0 | @aCN@bTANGWEI@c20140715 |
| 905 | @b0838312-14@dG124@e135@f3 | |
| 文化产业园区发展研究:机理·评价·对策/史征著.-杭州:浙江工商大学出版社,2013.12 |
| 199页:图;24cm |
| 2012年浙江省软科学项目“浙江文化产业园区发展评价指标体系研究”(2012C35069)项目资助 2013年浙江省哲学社会科学重点研究基地——浙江省传播与文化产业研究中心重点研究项目“文化产业园区发展研究”(zj13cws03)项目资助 |
| ISBN 978-7-5178-0095-8:CNY35.00 |
| 本书分为三篇,包括文化产业园区发展机理、文化产业园区发展评价和文化产业园区发展对策。内容分九章,分别是:文化产业园区价值诱导:园区剩余挖掘;文化产业园区稳定机制:园区网络构建;文化产业园区动力源泉:城市与产业发展诉求;文化产业园区评价理论综述;文化产业园区评价体系构建等。 |
| ● |
| 相关链接 |
|
|
|
|
正题名:文化产业园区发展研究
索取号:G124/135
 
预约/预借
| 序号 | 登录号 | 条形码 | 馆藏地/架位号 | 状态 | 备注 |
| 1 | 0838312 | 208383122 | 第一样本阅览室/ [索取号:G124/135] | 在馆 | |
| 2 | 0838313 | 208383131 | 第四借阅区/ [索取号:G124/135] | 在馆 | |
| 3 | 0838314 | 208383140 | 第四借阅区/ [索取号:G124/135] | 在馆 |